Quizzes
Events
Quiz Creation
Community
Videos
Private Events
Remove Ads
Sign In
Join for FREE
Feedback
Dark Mode
Quiz Categories
Sports
Geography
Music
Movies
Television
Just For Fun
Miscellaneous
History
Literature
Language
Science
Gaming
Entertainment
Religion
Holiday
For Kids
Quiz Lab
Recent
Popular Today
Quiz Kudos Today
Editor Picks
Curator Picks
Quizzes by...
Day
Popularity
Type
Ratings
Length
Year
Community
Subscriptions
Recent Discussions
Orange Saloon
Badges
Playlists
Quests
Create
Leaderboards
Showdown
Live 5
Trivia Bingo
Activity
Puzzle Library
Sporcle Events
Private Events
Virtual Trivia
Globe League
Become a Host
Pub Owners
SporcleCon
Opinionation
Our Games
Videos
Blog
Mobile Apps
Partnerships
Remove Ads and Go Orange
Feedback
Sports
Athletes
MLB
NBA
NHL
NFL
Soccer
Sports Teams
WWE
NCAA
Football
Premier League
Basketball
Baseball
Hockey
Golf
Tennis
Cricket
Rugby
Auto Racing
Olympics
World Cup
Sports
Athletes
MLB
NBA
NHL
NFL
Soccer
Sports Teams
WWE
NCAA
Football
Premier League
Basketball
Baseball
Hockey
Golf
Tennis
Cricket
Rugby
Auto Racing
Olympics
World Cup
Random Quiz
Search Sporcle
×
Quiz Lab
Quiz Lab
Sports
NHL
Type in answers that appear in a list
Type in answers that appear in a list
Classic
Best Score? Go Orange.
2009 NHL Entry Draft (First Round) Stats
Can you name the 2009 NHL Entry Draft (First Round)?
By
DonkeyKong7
10m
30 Questions
161 Plays
161 Plays
161 Plays
Comments
Comments
Give Quiz Kudos
Give Quiz Kudos
-
- Ratings
hide this ad
Replay
Link that replays current quiz
Next Quiz
Link to next quiz in quiz playlist
You Got
0%
They Got
Avg Score
49%
Avg Friend Score
Upgrade to see
Score Distribution
Jump to the score distribution portion of the page
Score
0/30
Timer
10:00
0
Plays Today
Team
Player
% Correct
New York Islanders
John Tavares
98.1%
Tampa Bay Lightning
Victor Hedman
95.7%
Colorado Avalanche
Matt Duchene
95%
Atlanta Thrashers
Evander Kane
90.7%
Los Angeles Kings
Brayden Schenn
82%
Toronto Maple Leafs
Nazem Kadri
80.7%
Phoenix Coyotes
Oliver Ekman-Larsson
61.5%
Ottawa Senators
Jared Cowen
59.6%
Nashville Predators
Ryan Ellis
59.6%
Edmonton Oilers
Magnus Paajarvi-Svensson
55.9%
Dallas Stars
Scott Glennie
54.7%
Florida Panthers
Dmitri Kulikov
44.1%
Vancouver Canucks
Jordan Schroeder
44.1%
Buffalo Sabres
Zack Kassian
42.9%
Montreal Canadiens
Louis Leblanc
40.4%
Team
Player
% Correct
New York Rangers
Chris Kreider
38.5%
Pittsburgh Penguins
Simon Despres
37.3%
Minnesota Wild (from Columbus via NYI)
Nick Leddy
36.6%
Columbus Blue Jackets (from PHI via ANA)
John Moore
36.6%
Boston Bruins
Jordan Caron
34.8%
St. Louis Blues
David Rundblad
34.2%
Calgary Flames (from NJ)
Tim Erixon
34.2%
Washington Capitals
Marcus Johansson
32.9%
New Jersey Devils (from CGY)
Jacob Josefson
31.1%
Anaheim Ducks
Peter Holland
30.4%
Anaheim Ducks (from SJ via TB,OTT,NYI,COL)
Kyle Palmieri
28.6%
Tampa Bay Lightning (from DET)
Carter Ashton
28%
Carolina Hurricanes
Philippe Paradis
26.7%
Chicago Blackhawks
Dylan Olsen
25.5%
New York Islanders (from MIN)
Calvin de Haas
14.9%
Quiz Playlist
Details
Report
Send in Message
Add To Playlist
Classic:
Type in answers that appear in a list
Quiz Source
Last Updated: Feb 16, 2017
Quiz Scoreboard
CHALLENGE
Sign Up to Join the Scoreboard
Show All
Scores
Hide
Comments
May contain spoilers
Recently Published
Movies - When Are They Set?
by FPL_Elf
Movies
5m
Popular People in 1961
by mucciniale
History
6m
1-10 Letter E Words III
by El_Dandy
Language
2m
More to Explore
Quiz From the Vault
Featured Blog Post
Where Did the Easter Bunny Come From?
hide this ad
You Might Also Like...
Tags
Football Quiz
NHL Quiz
1st Round
2009
Draft
Entry
Player
round
team
Today's Top Quizzes in Sports
Browse Sports
hide this ad
Today's Top Quizzes in NHL
Browse NHL
Top Contributed Quizzes in Sports
1
Les meilleurs buteurs des matchs entre le PSG et l’OM
2
Les entraîneurs de l'OM et du PSG au 21e siècle
3
FIFA Club World Cup Champions
4
2022 World Cup Stars
5
Name the Premier League winners with different clubs
6
La finale Lions - Afrique du Sud 2021
7
Criteria MLB: Left Handed Sluggers
8
Players with Multiple 50 Home Run Seasons
9
MLB Players with Two .350 Batting Average Seasons
10
MLB Hall of Famer by Rings
Explore More
Trending Topics
Harry Potter
Anime
Kpop
Crossword
NBA
Disney
Marvel
Puzzle
Country
WWE
NFL
Song
The Office
Soccer
Pokémon
hide this ad
More By:
DonkeyKong7
Quiz
Plays
Rating
Category
Featured
Created
NHL All-Time Assist Leaders
580
3.80
Sports
Sep 23, 2009
Matt Damon Movies
298
3.00
Movies
Oct 23, 2009
USA 2010 Olympic Hockey Team
289
4.00
Sports
Feb 6, 2010
Longest NBA Team Winning Streaks
227
3.00
Sports
Nov 26, 2009
2009 Washington Redskins
224
5.00
Sports
Nov 11, 2009
Go to Creator's Profile
Score Distribution
Quiz Creator Spotlight
DonkeyKong7
Follow
Send a Message
Quizzes Created
-
Created Quiz Play Count
-
More By This Creator
Popular Quizzes Today
1
Find the US States - No Outlines Minefield
2
Find the Countries of Europe - No Outlines Minefield
3
The Countries of the World
4
Popular People in 1961
5
1-10 Letter E Words III
6
US States
7
Find the US States
8
One Thing in Common: World Cities II
More Sports Quizzes
Detroit Lions Thanksgiving Opponents
Published
Trending Quizzes
Risky Map Clicking: Least Populous States A-Z
1-10 Letter F Words
Humor Books: The Subtitles
1-10 Letter G Words
One Thing in Common: United Kingdom
Recently Updated
Leaping Animals
pecheneg
Reality TV Shows (A-Z)
bhenderson79
Rickey Henderson's Hall of Fame Teammates
pecheneg
Champions League XIs: Arsenal
pecheneg
Quick Pick: Celebrities in WWE's Hall of Fame
aduchscher
A-Z Keypad Blitz II
pecheneg
Multiple Oscar Actors
pecheneg
Mystery Phrase Blitz: Oscar 'Best Actors'
pecheneg
F. Scott Fitzgerald Novels
LTH
Pick 3 Villains
ddd62291
Trending Topics
NBA
Harry Potter
Disney
Anime
Crossword
Marvel
Kpop
Song
WWE
Puzzle
The Office
NFL
Pokémon
Soccer
Country
Your Account Isn't Verified!
In order to create a playlist on Sporcle, you need to verify the email address you used during registration. Go to your
Sporcle Settings
to finish the process.
Report this User
Report this user for behavior that violates our
Community Guidelines
.
Details:
Send Report
Go to the Sporcle.com Mobile Site →
Comments